Famous Sixsomes Quiz Stats

 Plays Quiz Updated Jan 11, 2019

Support Sporcle.
Go Orange.
Score 0/72 Timer 08:00
2 Plays Today
% Correct
Red
98.3%
Blue
97.9%
Green
97.6%
Yellow
97.1%
White
95.5%
King
94.6%
Queen
94.5%
Orange
94.5%
Knight
89.9%
Pawn
89.3%
Rook
87.4%
Maine
87.3%
Joey Tribbiani
85.1%
New Hampshire
83.9%
Vermont
83.7%
Rhode Island
83.1%
Ross Geller
82.2%
Massachusetts
81.7%
Rachel Green
81.5%
Chandler Bing
81%
Phoebe Buffay
80.6%
Bishop
80%
Connecticut
79.5%
Monica Geller
77.7%
Sean Connery
74.8%
Marcia
71.4%
Pierce Brosnan
68%
James Madison
66.9%
Sine
61.7%
Cosine
61.5%
Daniel Craig
59%
Pulley
58.7%
Jan
58.6%
James Monroe
58.3%
Tangent
56.9%
Lever
55.3%
% Correct
Bobby
53.1%
Greg
53.1%
Cindy
52.6%
Animalia
52.3%
Peter
49.8%
Roger Moore
49.2%
Detroit Red Wings
48.9%
New York Rangers
47.9%
James Carter*
47.9%
Boston Bruins
47.2%
Plantae
47.1%
Toronto Maple Leafs
45.4%
Montreal Canadiens
44.8%
Cotangent
44.7%
Wheel and Axle
42.2%
James Polk
42.1%
Chicago Blackhawks
41.2%
James Garfield
38.8%
James Buchanan
37.2%
Archaebacteria
37%
Eubacteria
36.8%
Fungi
36.3%
Secant
34.3%
Timothy Dalton
33.9%
Cosecant
33.5%
Inclined Plane
29.9%
George Lazenby
22.3%
Wedge
22%
Screw
20.7%
Protozoa
20.5%
Plot
14.3%
Character
11.9%
Theme
5.4%
Diction
5.2%
Spectacle
4.1%
Music
4%

You're not logged in!

Compare scores with friends on all Sporcle quizzes.
OR
Log In
Forgot?

From the Vault

Inventors' True Inventions

by El_Dandy

Science 5m
Here at Sporcle, we feel like we basically invented quizzes.
Remove Ads.
Support Sporcle.
Get the best of Sporcle when you Go Orange. This ad-free experience offers more features, more stats, and more fun while also helping to support Sporcle. Thank you for becoming a member.

Show Comments

Extras

Top Quizzes Today


Score Distribution

Your Account Isn't Verified!

In order to create a playlist on Sporcle, you need to verify the email address you used during registration. Go to your Sporcle Settings to finish the process.

Report this User

Report this user for behavior that violates our Community Guidelines.

Details: